Naruto : Clan Ôtsutsuki - Statistiques

Statistiques générales
  • Ce quiz a été pris 406 fois
  • Le résultat moyen est 4 sur 5
Statistiques - réponses
indice Réponse % Correct
Fondatrice du clan Kaguya
99%
Fils de la fondatrice, alias Ermite Rikudo Hagoromo
90%
Fils ainé de l'ermite Rikudo Indra
81%
Fils cadet de l'ermite Rikudo Ashura
75%
Autre fils de la fondatrice, frère du précédent Hamura
64%
Aucun quiz correspondant
Distribution des résultats
% des personnes avec chaque résultat
Percentile par nombre de réponses
Votre historique - résultats
Vous n’avez pas pris ce quiz